000 01274nam a2200241Ia 4500
999 _c34890
_d34890
001 713
003 GE_BSU
005 20221025152431.0
008 181216s2011||||ge |||||||||||||| ||geo||
020 _a9789941101595
040 _cGE_BSU
041 _ageo
080 _a94(4)075.8)+94(73)(075.8) პ-18
100 _aპაპასქირი, თეიმურაზ
_910205
245 _aევროპისა და ამერიკის ქვეყნების უახლესი ისტორია 1914-1945 წწ. :
_bნაკ.1 /
_cთეიმურაზ პაპასქირი; რედ.მერაბ კალანდაძე.
264 _aთბილისი :
_b''მერიდიანი'',
_c2009.
300 _a348 გვ.
653 _aევროპის და ამერიკის ქვეყნების უახლესი ისტორია
653 _aისტორია
700 _aმერაბ, კალანდაძე
_eრედაქტორი
_910206
710 _aექვთიმე თაყაიშვილის სახ. საქ. საისტ. საზ-ბა.
_bაფხაზეთის ორგანიზაცია
_915536
942 _cBK
_2udc